LEADER 03702nam 2200709Ia 450 001 9910974278003321 005 20200520144314.0 010 $a1-134-88882-1 010 $a1-134-88883-X 010 $a1-280-33149-6 010 $a0-203-30853-0 010 $a0-203-03698-0 024 7 $a10.4324/9780203036983 035 $a(CKB)1000000000248106 035 $a(EBL)169555 035 $a(OCoLC)252799255 035 $a(SSID)ssj0000289887 035 $a(PQKBManifestationID)11255019 035 $a(PQKBTitleCode)TC0000289887 035 $a(PQKBWorkID)10402247 035 $a(PQKB)10034294 035 $a(SSID)ssj0000110731 035 $a(PQKBManifestationID)11137848 035 $a(PQKBTitleCode)TC0000110731 035 $a(PQKBWorkID)10064713 035 $a(PQKB)11421257 035 $a(Au-PeEL)EBL169555 035 $a(CaPaEBR)ebr10057638 035 $a(CaONFJC)MIL33149 035 $a(MiAaPQ)EBC169555 035 $a(EXLCZ)991000000000248106 100 $a19950519d1995 uy 0 101 0 $aeng 135 $aur|n|---||||| 181 $ctxt 182 $cc 183 $acr 200 00$aBetween poverty and the pyre $emoments in the history of widowhood /$fedited by Jan Bremmer and Lourens van den Bosch 205 $a1st ed. 210 $aNew York $cRoutledge$d1995 215 $a1 online resource (285 p.) 300 $aDescription based upon print version of record. 311 08$a0-415-51338-3 311 08$a0-415-08370-2 320 $aIncludes bibliographical references (p. 247-251) and index. 327 $aBook Cover; Title; Contents; List of illustrations; Notes on contributors; Preface; Editors' note; WIDOWS' WORLDS Representations and realities Marjo Buitelaar; THE PUBLIC IMAGE OF THE WIDOW IN ANCIENT ISRAEL Karel van der Toorn; PAUPER OR PATRONESS The widow in the Early Christian Church Jan N.Bremmer; WIDOWS IN ANGLO-SAXON ENGLAND Rolf H.Bremmer Jr; WIDOWS AND THE LAW The legal position of widows in the Dutch Republic during the seventeenth and eighteenth centuries Dieneke Hempenius-van Dijk; 'EUROPEAN' WIDOWS IN THE DUTCH EAST INDIES Their legal and social position Heleen C.Gall 327 $aWOMEN WITHOUT MEN Widows and spinsters in Britain and France in the eighteenth century Olwen HuftonNOBLE WIDOWS BETWEEN FORTUNE AND FAMILY Yme Kuiper; THE ULTIMATE JOURNEYSat and widowhood in India Lourens P. van den Bosch; WIDOWS IN ISLAM Willy Jansen; WIDOWS HIDDEN FROM VIEW The disappearance of mourning dress among Dutch widows in the twentieth century Geertje van Os; WIDOWS IN WESTERN HISTORY A select bibliography Frouke Veenstra and Kirsten van der Ploeg; Index 330 $aBetween Poverty and the Pyre examines the history of the experience of widowhood across different cultures. It brings together a collection of essays by historians, anthropologists and philologists. The book shows how difficult it is to define the 'typical' widow, as the experiences of these women have differed so widely, not simply because of their different time periods and locations, but also becuase of their varying legal and religious status and economic conditions. The study is diverse with subjects ranging from: *Hindu wives who followed their husbands to the pyre * 606 $aWidowhood$vCross-cultural studies 606 $aLife cycle, Human 615 0$aWidowhood 615 0$aLife cycle, Human. 676 $a305.48/9654/09 701 $aBremmer$b Jan N$0157056 701 $aBosch$b Lourens van den$f1944-$01854435 801 0$bMiAaPQ 801 1$bMiAaPQ 801 2$bMiAaPQ 906 $aBOOK 912 $a9910974278003321 996 $aBetween poverty and the pyre$94451689 997 $aUNINA LEADER 02406nam 2200601Ia 450 001 9910967713003321 005 20251116181546.0 010 $a1-61761-279-0 035 $a(CKB)2550000001041268 035 $a(EBL)3018312 035 $a(SSID)ssj0000857843 035 $a(PQKBManifestationID)12398788 035 $a(PQKBTitleCode)TC0000857843 035 $a(PQKBWorkID)10866116 035 $a(PQKB)10804341 035 $a(MiAaPQ)EBC3018312 035 $a(Au-PeEL)EBL3018312 035 $a(CaPaEBR)ebr10660173 035 $a(OCoLC)847526951 035 $a(BIP)28674033 035 $a(EXLCZ)992550000001041268 100 $a20100107d2010 uy 0 101 0 $aeng 135 $aur|n|---||||| 181 $ctxt 182 $cc 183 $acr 200 10$aAdult stem cell survival /$fAnatoly Konoplyannikov, Sergey Proskuryakov and Mikhail Konoplyannikov 205 $a1st ed. 210 $aNew York $cNova Science Publishers$dc2010 215 $a1 online resource (68 p.) 225 1 $aStem cells - laboratory and clinical research series 300 $aDescription based upon print version of record. 311 08$a1-61668-035-0 320 $aIncludes bibliographical references and index. 327 $a""CONTENTS""; ""PREFACE""; ""ADULT STEM CELLS AND CELL RENEWAL SYSTEMS""; ""RADIOBIOLOGY OF ADULT STEM CELLS""; ""HYPERTHERMIA AND ADULT STEM CELLS""; ""PHENOMENON OF ""ISCHEMIA/REPERFUSION"" FOR ADULT STEM CELLS""; ""ACKNOWLEDGMENTS""; ""REFERENCES""; ""INDEX"" 330 $aThe authors have shown recently that for the two types of adult stem cells, the 'ischemia/reperfusion' reaction can be developed in vivo. They show how this data may be used in the development of new approaches for the protection of cell systems of organism renewal after the damaging action of various agents. 410 0$aStem cells--laboratory and clinical research series. 606 $aStem cells 606 $aCell death 615 0$aStem cells. 615 0$aCell death. 676 $a616/.02774 700 $aKonopli?a?nnikov$b A. G$g(Anatolii? Georgievich)$01864352 701 $aProskuri?a?kov$b Sergei?$01864353 701 $aKonopli?a?nnikov$b Mikhail$01864354 801 0$bMiAaPQ 801 1$bMiAaPQ 801 2$bMiAaPQ 906 $aBOOK 912 $a9910967713003321 996 $aAdult stem cell survival$94471163 997 $aUNINA